50 cosas que debes saber sobre el cuerpo humano. (Registro nro. 707)
[ vista simple ]
| 000 -LEADER | |
|---|---|
| fixed length control field | 00873nam a2200253 a 4500 |
| 001 - CONTROL NUMBER | |
| control field | 001454890 |
| 003 - CONTROL NUMBER IDENTIFIER | |
| control field | AR-RoUNCS |
| 005 - DATE AND TIME OF LATEST TRANSACTION | |
| control field | 20251110092119.0 |
| 008 - FIXED-LENGTH DATA ELEMENTS--GENERAL INFORMATION | |
| fixed length control field | 180909s2018 ag ao cr 001 0 spa |
| 020 ## - INTERNATIONAL STANDARD BOOK NUMBER | |
| International Standard Book Number | 978-950-02-9996-1 |
| 040 ## - CATALOGING SOURCE | |
| Original cataloging agency | AR-BaBN |
| Language of cataloging | spa |
| Transcribing agency | AR-RoUNCS |
| Description conventions | aacr |
| 041 1# - LANGUAGE CODE | |
| Language code of text/sound track or separate title | spa |
| -- | eng |
| 080 1# - UNIVERSAL DECIMAL CLASSIFICATION NUMBER | |
| Universal Decimal Classification number | 611.9 |
| Edition identifier | 2016 |
| 245 00 - TITLE STATEMENT | |
| Title | 50 cosas que debes saber sobre el cuerpo humano. |
| 246 1# - VARYING FORM OF TITLE | |
| Title proper/short title | Cincuenta cosas que debes saber sobre el cuerpo humano |
| 250 ## - EDITION STATEMENT | |
| Edition statement | 1a ed. |
| 260 ## - PUBLICATION, DISTRIBUTION, ETC. | |
| Place of publication, distribution, etc. | Buenos Aires : |
| Name of publisher, distributor, etc. | El Ateneo, |
| Date of publication, distribution, etc. | 2018. |
| 300 ## - PHYSICAL DESCRIPTION | |
| Extent | 80 p. : |
| Other physical details | il., fot. ; |
| Dimensions | 26 cm. |
| 500 ## - GENERAL NOTE | |
| General note | Título original: 50 things you should know about The human body / traducido por Marcela García Henríquez de Sury |
| 650 #4 - SUBJECT ADDED ENTRY--TOPICAL TERM | |
| Topical term or geographic name entry element | ANATOMÍA |
| General subdivision | LIBROS INFANTILES Y JUVENILES |
| 700 1# - ADDED ENTRY--PERSONAL NAME | |
| Personal name | Royston, Angela |
| Relator term | aut. |
| 700 1# - ADDED ENTRY--PERSONAL NAME | |
| Personal name | García Henríquez de Sury, Marcela |
| Relator term | tr. |
| 942 ## - ADDED ENTRY ELEMENTS (KOHA) | |
| Source of classification or shelving scheme | Universal Decimal Classification |
| Koha item type | Obra General |
| Suppress in OPAC | No |
| Withdrawn status | Lost status | Source of classification or shelving scheme | Damaged status | Not for loan | Collection | Home library | Current library | Date acquired | Source of acquisition | Total checkouts | Full call number | Barcode | Date last seen | Price effective from | Koha item type |
|---|---|---|---|---|---|---|---|---|---|---|---|---|---|---|---|
| Universal Decimal Classification | Colección General | Biblioteca Escuela de Ciencias Sociales | Biblioteca Escuela de Ciencias Sociales | 10/11/2025 | Donación 2023 | 611.9 C574 | 000650 | 10/11/2025 | 10/11/2025 | Obra General |